01438nam a22003617a 4500001001000000003000900010005001700019007000300036008003400039040005400073041001000127072002500137090001900162100001600181110012200197245014100319246012800460260003800588300001100626500008200637650000900719650001500728650003700743650000900780650001300789650001800802650002900820650001500849909003600864942000700900999001700907952015200924BR8201975BR-BrBNA20230928091307.0ta230509b bl.||||| |||| 00| 0 por d aBR-BrBNAbporcBiblioteca Nacional de Agricultura a(Por) aF25; F60b0336b3820  0336 BR82019751 aBonetti, R.1 aEscola Superior de Agricultura Luiz de Queiroz, Piracicaba, SP (Brasil)0Tese (Mestre em Solos e Nutricao de Plantas)1 aEfeito do N do solo na fixacao simbiotica do N2 e na utilizacao de fertilizante nitrogenado em soja (Glycine max (L.)Merril)[Nitrogenio]1 aEffect of soil nitrogen on symbiotic N2-FIXATION AND N-fertilizer utilization in soybean (Glycine max (L.)Merril)[Nitrogen]3 aPiracicaba, SP (Brasil): c1982.  a149 p. a6 illus.; 24 tables; Bibliography p. 105-124 (146 ref.); Summaries (Eng, Por) aSOJA aNITROGENIO aFIXACAO SIMBIOTICA DE NITROGENIO aSOLO aADUBACAO aMINERALIZACAO aFertilizante nitrogenado aINOCULACAO a202309bLuciac55dLucia Elande cBK c33243d33243 002AGRIS40708AGROBASEa41918b41918l0o 0336 BR8201975p0336 BR8201975r2023-09-25t01yBK10d2023-09-25ePortaria Interministerial nÂș 164/94